<?xml version="1.0" encoding="UTF-8"?>
<collection xmlns="http://www.loc.gov/MARC21/slim">
 <record>
  <leader>01698nam a2200229Ia 4500</leader>
  <controlfield tag="001">TDMU_28452</controlfield>
  <controlfield tag="008">210410s9999    xx            000 0 und d</controlfield>
  <datafield tag="082" ind1=" " ind2=" ">
   <subfield code="a">398.0959758</subfield>
  </datafield>
  <datafield tag="090" ind1=" " ind2=" ">
   <subfield code="b">L250</subfield>
  </datafield>
  <datafield tag="100" ind1=" " ind2=" ">
   <subfield code="a">Lê, Thị Nam Giang</subfield>
  </datafield>
  <datafield tag="245" ind1=" " ind2="0">
   <subfield code="a">Chỉ dẫn áp dụng các văn bản pháp luật về sở hữu trí tuệ :</subfield>
  </datafield>
  <datafield tag="245" ind1=" " ind2="0">
   <subfield code="b">Hệ thống hóa các văn bản pháp luật Việt Nam về sở hữu trí tuệ và chỉ dẫn áp dụng các văn bản pháp luật sở hữu trí tuệ</subfield>
  </datafield>
  <datafield tag="245" ind1=" " ind2="0">
   <subfield code="c">Lê Thị Nam Giang (ch.b.), Nguyễn Thị Hạnh Lê, Võ Đăng Phương Thảo, Huỳnh Thanh Thịnh</subfield>
  </datafield>
  <datafield tag="260" ind1=" " ind2=" ">
   <subfield code="a">Tp. Hồ Chí Minh</subfield>
  </datafield>
  <datafield tag="260" ind1=" " ind2=" ">
   <subfield code="b">Đại học Quốc gia Tp. Hồ Chí Minh</subfield>
  </datafield>
  <datafield tag="260" ind1=" " ind2=" ">
   <subfield code="c">2016</subfield>
  </datafield>
  <datafield tag="300" ind1=" " ind2=" ">
   <subfield code="a">694tr.</subfield>
  </datafield>
  <datafield tag="520" ind1=" " ind2=" ">
   <subfield code="a">Giới thiệu toàn văn Luật Sở hữu trí tuệ với những qui định chung và qui định cụ thể về quyền tác giả và quyền liên quan, quyền sở hữu công nghiệp, quyền đối với giống cây trồng, bảo vệ quyền sở hữu trí tuệ, xử lí vi phạm và các điều khoản thi hành cùng các Nghị định, Thông tư quy định chi tiết và hướng dẫn thi hành Luật này</subfield>
  </datafield>
  <datafield tag="650" ind1=" " ind2=" ">
   <subfield code="a">Pháp luật</subfield>
   <subfield code="x">Sở hữu trí tuệ</subfield>
   <subfield code="z">Việt Nam; Văn bản pháp luật</subfield>
   <subfield code="x">Sở hữu trí tuệ</subfield>
   <subfield code="z">Việt Nam</subfield>
  </datafield>
  <datafield tag="700" ind1=" " ind2=" ">
   <subfield code="a">Nguyễn, Thị Hạnh Lê</subfield>
  </datafield>
  <datafield tag="856" ind1=" " ind2=" ">
   <subfield code="u">http://lrc.tdmu.edu.vn/opac/search/detail.asp?aID=2&amp;ID=28452</subfield>
  </datafield>
  <datafield tag="980" ind1=" " ind2=" ">
   <subfield code="a">Trung tâm Học liệu Trường Đại học Thủ Dầu Một</subfield>
  </datafield>
 </record>
</collection>
